000 00352 a2200169 4500
001 183406
020 _a85-16-02765-1
040 _cMagnum
100 _aBandeira, Pedro
240 1 0 _aO pequeno monstro
_lpor
245 1 0 _aO pequeno monstro
300 _a48
362 0 _a2003
440 1 _aModerna
697 _aLITERATURA INFANTO
942 _cBK
999 _c183406
_d183406